Loading...
Beliefs | 1 | 6 | 0 | 0 | 75 | 78 | 99.43 | 3 | 7 |
Science - Chemistry | 0 | 7 | 0 | 0 | 70 | 85 | 98.29 | 2 | 7 |
History - European History | 1 | 4 | 1 | 0 | 50 | 32 | 68.20 | 4 | 5 |
Visual Arts | 2 | 1 | 0 | 0 | 40 | 66 | 75.67 | 1 | 3 |
Geography | 0 | 3 | 0 | 0 | 30 | 79 | 87.67 | 1 | 3 |
History - World History | 0 | 3 | 1 | 1 | 25 | 79 | 87.33 | 2 | 3 |
History - Ancient History | 0 | 3 | 2 | 1 | 20 | 77 | 90.33 | 1 | 3 |
Fine Arts - Other Arts | 2 | 0 | 2 | 0 | 20 | 90 | 90.50 | 2 | 2 |
Science - Biology | 1 | 1 | 1 | 1 | 20 | 57 | 76.00 | 0 | 1 |
Social Science | 1 | 1 | 1 | 0 | 20 | 25 | 50.00 | 2 | 2 |
Science - Other Science | 0 | 2 | 0 | 1 | 20 | 122 | 124.50 | 0 | 1 |
Auditory Arts | 1 | 1 | 2 | 0 | 15 | 65 | 71.50 | 0 | 2 |
Literature - European Literature | 0 | 1 | 0 | 0 | 10 | 95 | 95.00 | 1 | 1 |
Literature - British Literature | 1 | 0 | 1 | 0 | 10 | 51 | 51.00 | 0 | 1 |
Science - Physics | 0 | 1 | 1 | 0 | 5 | 88 | 88.00 | 0 | 1 |
History - American History | 0 | 1 | 1 | 1 | 5 | 113 | 113.00 | 0 | 1 |
Philosophy | 0 | 0 | 2 | 0 | -10 | 0.00 | 0 | 0 |